Statistics for The Thundermans

Click here to take the quiz!

General Stats

  • This quiz has been taken 112 times
  • The average score is 13 of 18

Answer Stats

HintAnswer% Correct
Phoebe's BrotherMax
94%
Mom's Real NameBarb
91%
Dad's Real NameHank
91%
Youngest SisterChloe
89%
Villain/BunnyDr. Collosso
83%
Pizza Place OwnerMrs. Wong
83%
What Billy's Power IsSuper Speed
83%
Phoebe's Best FriendCherry
82%
Stretchy Arm BoyfriendLink
81%
What Nora Always Wears On Her HeadBow
76%
The Thunderman's VehicleThundervan
68%
What Nora's Power IsLaser Eyes
66%
Mr. Thunderman's PowerSuper Strength
65%
"Tube" RestaurantSplatBurger
61%
Older Brother's Friend/Band MemberOyster
51%
Town The Thundermans Moved FromMetroburg
48%
School The Older Siblings AttendHiddenville High
45%
School PrincipalBradford
42%

Score Distribution

Percentile by Number Answered

Percent of People with Each Score

Your Score History

You have not taken this quiz